[Event "IPCA Wch 19th"]
[Site "Ruzomberok"]
[Date "2019.06.28"]
[Round "1"]
[White "Matana, Zoran"]
[Black "Palin, Denis"]
[Result "0-1"]
[WhiteElo "1818"]
[BlackElo "2180"]
[PlyCount "78"]
[EventDate "2019.06.28"]
[EventType "swiss"]
[EventRounds "9"]
[EventCountry "SVK"]
[SourceTitle "CBM 191 Extra"]
[Source "ChessBase"]
[SourceDate "2019.09.30"]
[SourceVersion "1"]
[SourceVersionDate "2019.09.30"]
[SourceQuality "1"]

1. d4 e6 2. c4 d5 3. Nc3 c5 4. Nf3 Nc6 5. Bg5 f6 6. Bc1 dxc4 7. e3 Na5 8. Bd2 a6 9. Ne4 b5 10. Be2 cxd4 11. exd4 Ne7 12. 0-0 Nf5 13. Ng3 Nxg3 14. hxg3 Nc6 15. Be3 Bb7 16. Nh4 Be7 17. Bh5+ g6 18. Be2 f5 19. Nf3 Bf6 20. Qd2 Qd5 21. Rfd1 0-0 22. Ne1 Rad8 23. Bf3 Qd7 24. d5 Ne5 25. Bb6 Rb8 26. Bc5 Rfc8 27. Ba7 Ra8 28. Bd4 Nxf3+ 29. Nxf3 Bxd4 30. Qxd4 Bxd5 31. Ne5 Qb7 32. Qe3 Rd8 33. g4 Qg7 34. f3 fxg4 35. fxg4 Rf8 36. Kh2 g5 37. Kg3 Rf4 38. Nf3 Raf8 39. Rd2 Qh6 0-1

[Event "W-ch Disabled"]
[Site "Dresden"]
[Date "2017.10.09"]
[Round "4"]
[White "Checiak, Krzysztof"]
[Black "Palin, Denis"]
[Result "1/2-1/2"]
[WhiteElo "2049"]
[BlackElo "2172"]
[PlyCount "80"]
[EventDate "2017.10.06"]
[EventType "swiss"]
[EventRounds "7"]
[EventCountry "GER"]
[SourceTitle "CBM 181 Extra"]
[Source "ChessBase"]
[SourceDate "2017.12.12"]
[SourceVersion "1"]
[SourceVersionDate "2017.12.12"]
[SourceQuality "1"]

1. d4 e6 2. e4 d5 3. exd5 exd5 4. Bd3 Nc6 5. Nf3 Bd6 6. c3 Nge7 7. Qc2 Bg4 8. Nbd2 Qd7 9. 0-0 Bf5 10. Re1 0-0 11. Nf1 Bxd3 12. Qxd3 Qf5 13. Qb5 a6 14. Qb3 Rfe8 15. Bg5 f6 16. Ne3 Qd7 17. Bh4 Na5 18. Qc2 Bf4 19. Bg3 Bxe3 20. Rxe3 Nc4 21. Re2 c6 22. Rae1 Ng6 23. b3 Nd6 24. Bxd6 Rxe2 25. Qxe2 Qxd6 26. g3 Qd7 27. h4 Kf7 28. h5 Nf8 29. Nh4 g6 30. hxg6+ hxg6 31. Qd2 Re8 32. Rxe8 Qxe8 33. f3 Qe6 34. Kf2 g5 35. Ng2 Qh3 36. Qd3 Ng6 37. c4 Ne7 38. Ne3 Qh2+ 39. Ng2 Qh3 40. Ne3 Qh2+ 1/2-1/2

[Event "Voronezh op-B 21st"]
[Site "Voronezh"]
[Date "2017.06.18"]
[Round "7"]
[White "Mikhnenko, Alexander"]
[Black "Palin, Denis"]
[Result "0-1"]
[WhiteElo "2019"]
[BlackElo "2158"]
[PlyCount "90"]
[EventDate "2017.06.12"]
[EventType "swiss"]
[EventRounds "9"]
[EventCountry "RUS"]
[SourceTitle "CBM 179 Extra"]
[Source "ChessBase"]
[SourceDate "2017.08.23"]
[SourceVersion "1"]
[SourceVersionDate "2017.08.23"]
[SourceQuality "1"]

1. d4 e6 2. c4 d5 3. Nc3 c5 4. cxd5 exd5 5. e3 Nf6 6. Nf3 Nc6 7. Be2 Be7 8. 0-0 0-0 9. b3 Ne4 10. Bb2 Bf6 11. Rc1 cxd4 12. exd4 Re8 13. Bb5 Bg4 14. Nxe4 dxe4 15. h3 Bh5 16. g4 exf3 17. gxh5 Bxd4 18. Qxf3 Bxb2 19. Bxc6 bxc6 20. Rxc6 Rc8 21. Rd1 Qg5+ 22. Kh1 Rxc6 23. Qxc6 Rd8 24. Re1 Ba3 25. Qa4 Qc5 26. Re8+ Rxe8 27. Qxe8+ Qf8 28. Qd7 Bc5 29. Kg2 h6 30. Qc6 Bb6 31. a4 Qd8 32. b4 Qg5+ 33. Kf1 Qf5 34. Qe8+ Kh7 35. Qe2 Qb1+ 36. Qe1 Qxe1+ 37. Kxe1 g6 38. hxg6+ Kxg6 39. Ke2 Kf5 40. a5 Bd4 41. Kd3 Bxf2 42. b5 Ke6 43. Kc4 Kd6 44. Kb4 Be1+ 45. Ka4 Bxa5 0-1

[Event "Voronezh op-B 21st"]
[Site "Voronezh"]
[Date "2017.06.17"]
[Round "6"]
[White "Palin, Denis"]
[Black "Garafutdinov, Ainur"]
[Result "1/2-1/2"]
[WhiteElo "2158"]
[BlackElo "1998"]
[PlyCount "88"]
[EventDate "2017.06.12"]
[EventType "swiss"]
[EventRounds "9"]
[EventCountry "RUS"]
[SourceTitle "CBM 179 Extra"]
[Source "ChessBase"]
[SourceDate "2017.08.23"]
[SourceVersion "1"]
[SourceVersionDate "2017.08.23"]
[SourceQuality "1"]

1. e4 e5 2. Nf3 Nc6 3. Nc3 Nf6 4. a3 d5 5. Bb5 d4 6. Ne2 Bd6 7. Ng3 Be6 8. d3 h6 9. Qe2 Nd7 10. Nf5 Qf6 11. Bxc6 bxc6 12. g4 Bf8 13. Rg1 Qd8 14. g5 h5 15. g6 f6 16. N3h4 Nc5 17. f4 exf4 18. Bxf4 Qd7 19. Nf3 Bxf5 20. exf5+ Be7 21. Nh4 0-0-0 22. 0-0-0 Bd6 23. Qf2 Bxf4+ 24. Qxf4 Qd5 25. Kb1 Na4 26. Qe4 Rhe8 27. Qxd5 Rxd5 28. Rde1 Rde5 29. Nf3 Rxe1+ 30. Rxe1 Rxe1+ 31. Nxe1 Nb6 32. Nf3 Nd5 33. Nxd4 Ne7 34. b4 Kd7 35. c4 Kd6 36. Kb2 Ke5 37. Kc3 h4 38. Nf3+ Kxf5 39. Nxh4+ Kg4 40. Ng2 Nxg6 41. Ne3+ Kf4 42. Kd2 Nh4 43. Ke2 g5 44. b5 cxb5 1/2-1/2

[Event "Voronezh op-B 21st"]
[Site "Voronezh"]
[Date "2017.06.15"]
[Round "4"]
[White "Palin, Denis"]
[Black "Filippov, Ilya"]
[Result "1/2-1/2"]
[WhiteElo "2158"]
[BlackElo "2041"]
[PlyCount "77"]
[EventDate "2017.06.12"]
[EventType "swiss"]
[EventRounds "9"]
[EventCountry "RUS"]
[SourceTitle "CBM 179 Extra"]
[Source "ChessBase"]
[SourceDate "2017.08.23"]
[SourceVersion "1"]
[SourceVersionDate "2017.08.23"]
[SourceQuality "1"]

1. f4 Nf6 2. Nf3 c5 3. b3 Nc6 4. Bb2 e6 5. g3 d5 6. Bg2 Bd6 7. 0-0 Qe7 8. c4 0-0 9. e3 Rd8 10. Ne5 Bc7 11. Qe2 Bd7 12. d3 Be8 13. Nd2 Rab8 14. Nxc6 Bxc6 15. e4 dxe4 16. Nxe4 Nxe4 17. Bxe4 Bxe4 18. dxe4 Rd7 19. Qg4 f6 20. Rad1 Rbd8 21. Rxd7 Rxd7 22. Rd1 Rxd1+ 23. Qxd1 Qd8 24. Qxd8+ Bxd8 25. Kf2 Kf7 26. Kf3 h5 27. f5 Bc7 28. h3 g6 29. g4 hxg4+ 30. hxg4 Bh2 31. Bc3 Bc7 32. Bb2 Bh2 33. Bc3 Bc7 34. Bb2 Bh2 35. Bc3 Bc7 36. Bb2 Bh2 37. Bc3 Bc7 38. Bb2 Bh2 39. Ba3 1/2-1/2

[Event "Voronezh op-B 21st"]
[Site "Voronezh"]
[Date "2017.06.14"]
[Round "3"]
[White "Gulko, Oleg"]
[Black "Palin, Denis"]
[Result "0-1"]
[WhiteElo "1956"]
[BlackElo "2158"]
[PlyCount "78"]
[EventDate "2017.06.12"]
[EventType "swiss"]
[EventRounds "9"]
[EventCountry "RUS"]
[SourceTitle "CBM 179 Extra"]
[Source "ChessBase"]
[SourceDate "2017.08.23"]
[SourceVersion "1"]
[SourceVersionDate "2017.08.23"]
[SourceQuality "1"]

1. d4 e6 2. c4 d5 3. Nc3 c5 4. Nf3 Nc6 5. e3 Nf6 6. Bd3 Be7 7. 0-0 dxc4 8. Bxc4 cxd4 9. exd4 0-0 10. Re1 a6 11. a3 b5 12. Ba2 Qb6 13. Be3 Ng4 14. d5 Nxe3 15. Rxe3 Na5 16. dxe6 Bxe6 17. Bxe6 fxe6 18. Qd7 Ra7 19. Qxe6+ Qxe6 20. Rxe6 Bf6 21. Ne5 Nc4 22. Nxc4 bxc4 23. Rc6 Rb7 24. Nd1 Bxb2 25. Rb1 Rfb8 26. Rxb2 Rxb2 27. Nxb2 Rxb2 28. Kf1 Ra2 29. Rxa6 c3 30. Rc6 Rxa3 31. Rc7 h6 32. Ke2 Ra2+ 33. Ke3 c2 34. h4 Kh7 35. h5 Kg8 36. g4 Kf8 37. f4 Ra3+ 38. Ke4 Ra2 39. Rc4 Ra4 0-1